000 00688nam a2200229Ia 4500
005 20231128114250.0
008 131103s9999 xx 000 0 und d
020 _a415156386
040 _aLoreto College
041 _aEnglish
082 _a396
_bCRA
245 _aWomen's Worlds in Seventeenth-Century England
_c Edited by Patricia Crawford and Laura Gowing
260 _aLondon
_bRoutledge
_c2000
300 _axviii,314 p.
504 _aIncludes bibliographical references and index
630 _aWomen - England - History Sources
650 _aWomen - Social Conditions
651 _aWomen Studies
700 _aCrawford,Patricia,ed.
850 _aLCLIB
942 _cBK
999 _c11308
_d61787